Hawaii: Part II Songs - Statistics

General Stats
  • This quiz has been taken 143 times
  • The average score is 10 of 11
Answer Stats
Hint Answer % Correct
5 Murders
100%
7 The Mind Electric
96%
4 White Ball
94%
8 Labyrinth
93%
3 Black Rainbows
92%
1 Introduction to the Snow
92%
2 Isle Unto Thyself
90%
11 Dream Sweet in Sea Major
86%
9 Time Machine
85%
10 Stranded Lullaby
79%
6 Space Station Level 7
75%
No matching quizzes found
Score Distribution
Percent of People with Each Score
Percentile by Number Answered
Your Score History
You have not taken this quiz